[Event "FIDE World Rapid Team"]
[Site "Almaty"]
[Date "2024.08.03"]
[Round "6.22"]
[White "Agmanov, Zhandos"]
[Black "Rakhimzhan, Alen"]
[Result "1/2-1/2"]
[WhiteElo "2458"]
[BlackElo "2084"]
[PlyCount "45"]
[EventDate "2024.08.02"]
[EventType "team (rapid)"]
[EventRounds "12"]
[EventCountry "KAZ"]
[SourceTitle "CBM 221 Extra"]
[Source "ChessBase"]
[SourceDate "2024.09.30"]
[SourceVersion "1"]
[SourceVersionDate "2024.09.30"]
[SourceQuality "1"]
[WhiteTeam "Astana"]
[BlackTeam "Greco"]
[WhiteTeamCountry "KAZ"]
[BlackTeamCountry "KAZ"]

1. e4 c5 2. Nf3 Nf6 3. e5 Nd5 4. Nc3 e6 5. Nxd5 exd5 6. d4 Nc6 7. dxc5 Bxc5 8. Qxd5 d6 9. exd6 Qb6 10. Qe4+ Be6 11. Qh4 Bxd6 12. Bd3 Nb4 13. 0-0 Nxd3 14. cxd3 0-0 15. b3 Bd5 16. Be3 Qd8 17. Qxd8 Rfxd8 18. Nd2 Bb4 19. Ne4 f5 20. Ng3 g6 21. Ne2 Bf7 22. Rfd1 a5 23. Rac1 1/2-1/2

[Event "FIDE World Rapid Team"]
[Site "Almaty"]
[Date "2024.08.03"]
[Round "5.4"]
[White "Akhmedya, Madyar"]
[Black "Rakhimzhan, Alen"]
[Result "0-1"]
[WhiteElo "1786"]
[BlackElo "2084"]
[PlyCount "42"]
[EventDate "2024.08.02"]
[EventType "team (rapid)"]
[EventRounds "12"]
[EventCountry "KAZ"]
[SourceTitle "CBM 221 Extra"]
[Source "ChessBase"]
[SourceDate "2024.09.30"]
[SourceVersion "1"]
[SourceVersionDate "2024.09.30"]
[SourceQuality "1"]
[WhiteTeam "Chess Mates"]
[BlackTeam "Greco"]
[WhiteTeamCountry "KAZ"]
[BlackTeamCountry "KAZ"]

1. c4 e6 2. Nc3 d5 3. d4 a6 4. Nf3 dxc4 5. a4 Nc6 6. e4 Na5 7. Be2 c5 8. d5 exd5 9. Nxd5 Be6 10. Bg5 Be7 11. Bf4 Bxd5 12. exd5 Bd6 13. Bd2 Nb3 14. Ra2 b5 15. 0-0 Ne7 16. Bc3 0-0 17. Qc2 Ng6 18. Bd1 Re8 19. Qf5 b4 20. Bd2 Nh4 21. Bg5 Nxf5 0-1

[Event "FIDE World Rapid Team"]
[Site "Almaty"]
[Date "2024.08.02"]
[Round "4.34"]
[White "Rakhimzhan, Alen"]
[Black "Balabayeva, Kseniya"]
[Result "1-0"]
[WhiteElo "2084"]
[BlackElo "2335"]
[PlyCount "101"]
[EventDate "2024.08.02"]
[EventType "team (rapid)"]
[EventRounds "12"]
[EventCountry "KAZ"]
[SourceTitle "CBM 221 Extra"]
[Source "ChessBase"]
[SourceDate "2024.09.30"]
[SourceVersion "1"]
[SourceVersionDate "2024.09.30"]
[SourceQuality "1"]
[WhiteTeam "Greco"]
[BlackTeam "Kazakhstan Teniz"]
[WhiteTeamCountry "KAZ"]
[BlackTeamCountry "KAZ"]

1. d4 d5 2. c4 e6 3. Nc3 Nf6 4. cxd5 exd5 5. Bg5 Be7 6. e3 c6 7. Bd3 Nbd7 8. Nf3 0-0 9. 0-0 Re8 10. Qc2 h6 11. Bf4 Nf8 12. Rab1 a5 13. h3 Ne6 14. Bh2 Ng5 15. Ne5 Bd6 16. f4 Nge4 17. Nxe4 Nxe4 18. Bxe4 dxe4 19. f5 f6 20. Qb3+ Kh7 21. Qf7 Re7 22. Qg6+ Kg8 23. Ng4 Bxh2+ 24. Kxh2 Qd6+ 25. Rf4 Kh8 26. Kh1 Bd7 27. Nxh6 gxh6 28. Rh4 Rh7 29. Rxh6 Qe7 30. Rxh7+ Qxh7 31. Qxf6+ Kg8 32. Rf1 Rf8 33. Qg5+ Kf7 34. Qf4 Re8 35. Kh2 Kf8 36. g4 Qh4 37. Qd6+ Qe7 38. Qh6+ Qg7 39. Qf4 Qf7 40. g5 Qc4 41. Rf2 Re7 42. f6 Rh7 43. g6 Rxh3+ 44. Kg2 Qe6 45. g7+ Kf7 46. g8Q+ Kxg8 47. Qg5+ Kf8 48. Qg7+ Ke8 49. f7+ Kd8 50. f8Q+ Kc7 51. Qe5+ 1-0

[Event "Titled Tuesday intern op 22nd Aug Early"]
[Site "Chess.com INT"]
[Date "2023.08.22"]
[Round "4"]
[White "Rakhimzhan, Alen"]
[Black "Kamsky, Gata"]
[Result "0-1"]
[WhiteElo "2205"]
[BlackElo "2641"]
[PlyCount "170"]
[EventDate "2023.08.22"]
[EventType "swiss (blitz)"]
[EventRounds "11"]
[EventCountry "USA"]
[SourceTitle "EXT 2024"]
[Source "ChessBase"]
[SourceDate "2023.10.10"]
[SourceVersion "1"]
[SourceVersionDate "2023.10.10"]
[SourceQuality "1"]

1. Nf3 d5 2. e3 Nf6 3. c4 c6 4. Nc3 g6 5. d4 Bg7 6. Be2 0-0 7. 0-0 e6 8. b3 Nbd7 9. Bb2 b6 10. Bd3 Bb7 11. Qe2 c5 12. cxd5 exd5 13. Ba6 Qc8 14. Bxb7 Qxb7 15. Rfd1 Rfe8 16. Rac1 Rac8 17. dxc5 bxc5 18. Qb5 Qb6 19. Qxb6 Nxb6 20. Nb5 Re7 21. Nd6 Rc6 22. Nb5 a6 23. Nbd4 Rcc7 24. Nc2 Ne4 25. Bxg7 Kxg7 26. Nce1 f5 27. Nd3 a5 28. Nf4 Rcd7 29. h4 h6 30. Nd2 g5 31. hxg5 hxg5 32. Nd3 c4 33. Nxe4 fxe4 34. Nc5 Rc7 35. Na4 Nxa4 36. bxa4 Rc5 37. Rb1 c3 38. Rdc1 Rec7 39. Kf1 Kf6 40. Ke2 Ke5 41. Rb3 Rc4 42. a3 g4 43. Kd1 g3 44. Ke2 gxf2 45. Kxf2 c2 46. Ke2 Rc3 47. Rb2 Rxa3 48. Rbxc2 Rxc2+ 49. Rxc2 Rxa4 50. Kf2 Ra3 51. g4 a4 52. Rc8 Ra2+ 53. Kg3 Re2 54. Re8+ Kd6 55. Kf4 Rf2+ 56. Kg5 a3 57. Ra8 a2 58. Kh6 d4 59. exd4 e3 60. g5 Rh2+ 61. Kg7 e2 62. Rxa2 e1Q 63. Rxh2 Qg3 64. Rh6+ Kd5 65. Rg6 Kxd4 66. Kh7 Ke5 67. Rg7 Kf5 68. Kh8 Qh4+ 69. Kg8 Qc4+ 70. Kh8 Qc8+ 71. Kh7 Qf8 72. Kh6 Qh8+ 73. Rh7 Qg8 74. Rg7 Qe6+ 75. Kh7 Kg4 76. Kh8 Kh5 77. Kh7 Qe8 78. Rg8 Qf7+ 79. Rg7 Qf5+ 80. Kh8 Qe4 81. Kg8 Qe8+ 82. Kh7 Kg4 83. Rg8 Qh5+ 84. Kg7 Kxg5 85. Kf8+ Kf6 0-1

[Event "Titled Tuesday intern op 15th Aug Early"]
[Site "Chess.com INT"]
[Date "2023.08.15"]
[Round "4"]
[White "Rakhimzhan, Alen"]
[Black "Rom, Jasper B"]
[Result "1-0"]
[WhiteElo "2205"]
[BlackElo "2202"]
[PlyCount "47"]
[EventDate "2023.08.15"]
[EventType "swiss (blitz)"]
[EventRounds "11"]
[EventCountry "USA"]
[SourceTitle "EXT 2024"]
[Source "ChessBase"]
[SourceDate "2023.10.10"]
[SourceVersion "1"]
[SourceVersionDate "2023.10.10"]
[SourceQuality "1"]

1. d4 d5 2. Nf3 e6 3. c4 c6 4. Qc2 dxc4 5. Qxc4 b5 6. Qc2 Bb7 7. e4 Nf6 8. Bd3 a6 9. a4 h6 10. 0-0 Nbd7 11. Re1 b4 12. e5 Nd5 13. Nbd2 c5 14. Ne4 Rc8 15. Qe2 Qb6 16. a5 Qc6 17. Nh4 cxd4 18. Qh5 Be7 19. Nd6+ Bxd6 20. exd6 N7f6 21. Rxe6+ Kf8 22. Qf5 fxe6 23. Ng6+ Kg8 24. Qxe6+ 1-0

[Event "Astana Zhuldyzdary op-A"]
[Site "Astana"]
[Date "2023.07.15"]
[Round "7"]
[White "Begmuratov, Khumoyun"]
[Black "Rakhimzhan, Alen"]
[Result "1/2-1/2"]
[WhiteElo "2391"]
[BlackElo "2154"]
[PlyCount "57"]
[EventDate "2023.07.11"]
[EventType "swiss"]
[EventRounds "10"]
[EventCountry "KAZ"]
[SourceTitle "CBM 215 Extra"]
[Source "ChessBase"]
[SourceDate "2023.09.30"]
[SourceVersion "1"]
[SourceVersionDate "2023.09.30"]
[SourceQuality "1"]

1. e4 e5 2. Nf3 Nc6 3. Bc4 Bc5 4. d3 Nf6 5. Nc3 d6 6. a4 a6 7. Be3 Bxe3 8. fxe3 Be6 9. Bxe6 fxe6 10. 0-0 0-0 11. d4 exd4 12. exd4 d5 13. e5 Ne4 14. Qd3 Nxc3 15. Qxc3 Qe7 16. Qd3 Rf4 17. c3 Raf8 18. Rf2 g5 19. g3 R4f5 20. h3 Qg7 21. Raf1 Ne7 22. Nh2 Qh6 23. Rxf5 Rxf5 24. Rxf5 Nxf5 25. Kg2 Qg6 26. Kf2 Qh6 27. Kg2 Qg6 28. Kf2 Qh6 29. Kg2 1/2-1/2

[Event "Titled Tuesday intern op 04th Jul Early"]
[Site "Chess.com INT"]
[Date "2023.07.04"]
[Round "3"]
[White "Bluebaum, Matthias"]
[Black "Rakhimzhan, Alen"]
[Result "1-0"]
[WhiteElo "2672"]
[BlackElo "2154"]
[PlyCount "81"]
[EventDate "2023.07.04"]
[EventType "swiss (blitz)"]
[EventRounds "11"]
[EventCountry "USA"]
[SourceTitle "EXT 2024"]
[Source "ChessBase"]
[SourceDate "2023.10.10"]
[SourceVersion "1"]
[SourceVersionDate "2023.10.10"]
[SourceQuality "1"]

1. d4 Nf6 2. c4 e6 3. Nc3 Bb4 4. e3 0-0 5. Bd2 d5 6. Nf3 b6 7. cxd5 exd5 8. Rc1 Bb7 9. Bd3 Nbd7 10. 0-0 Re8 11. Nb5 Bd6 12. Nxd6 cxd6 13. Bb4 Nf8 14. Qb3 Ne4 15. Rc2 a5 16. Ba3 Ne6 17. Rfc1 Rb8 18. Nd2 Qh4 19. Bxe4 dxe4 20. Bxd6 Rbd8 21. Qxb6 Bd5 22. Bg3 Qh5 23. Qxa5 Ra8 24. Qb5 Red8 25. a4 Qg4 26. h3 Qg5 27. a5 h5 28. Nb1 h4 29. Bh2 Nxd4 30. exd4 e3 31. f4 Qf6 32. Nc3 Qxd4 33. Nxd5 e2+ 34. Kh1 Qd1+ 35. Bg1 e1Q 36. Rxd1 Qxd1 37. Ne7+ Kf8 38. Qc5 g6 39. Nxg6+ Kg7 40. Ne7 Rd4 41. Qxd4+ 1-0

[Event "Titled Tuesday intern op 04th Jul Early"]
[Site "Chess.com INT"]
[Date "2023.07.04"]
[Round "7"]
[White "Pham, Le Thao Nguyen"]
[Black "Rakhimzhan, Alen"]
[Result "1-0"]
[WhiteElo "2369"]
[BlackElo "2154"]
[PlyCount "101"]
[EventDate "2023.07.04"]
[EventType "swiss (blitz)"]
[EventRounds "11"]
[EventCountry "USA"]
[SourceTitle "EXT 2024"]
[Source "ChessBase"]
[SourceDate "2023.10.10"]
[SourceVersion "1"]
[SourceVersionDate "2023.10.10"]
[SourceQuality "1"]

1. d4 Nf6 2. Nf3 d5 3. c4 e6 4. Nc3 a6 5. c5 b6 6. cxb6 cxb6 7. Bf4 Bd6 8. Bg3 Bxg3 9. hxg3 Nbd7 10. e3 Bb7 11. Bd3 Ne4 12. Rc1 Rc8 13. Bxe4 dxe4 14. Nd2 Nf6 15. 0-0 h5 16. Qe2 0-0 17. a3 b5 18. Nb3 Bd5 19. Nxd5 Qxd5 20. Nc5 Rc6 21. Rc2 e5 22. dxe5 Qxe5 23. b4 Rd6 24. Rd1 Rfd8 25. Rdc1 Qd5 26. Qe1 Ng4 27. Qe2 f5 28. Qe1 g6 29. Qc3 Qd1+ 30. Qe1 Qxe1+ 31. Rxe1 Rd1 32. Rc1 R1d2 33. Rf1 Ra2 34. Nxa6 Rdd2 35. Nc7 Nxe3 36. Rfe1 Ng4 37. Ra1 Rab2 38. Rab1 Ra2 39. Ra1 Rxf2 40. Rxa2 Rxa2 41. Nxb5 e3 42. Rb1 g5 43. Nd4 Rxa3 44. b5 Ra7 45. b6 Rb7 46. Nxf5 h4 47. Nd6 Rb8 48. gxh4 gxh4 49. b7 Kg7 50. Rc1 e2 51. Re1 1-0

[Event "Titled Tuesday intern op 04th Jul Early"]
[Site "Chess.com INT"]
[Date "2023.07.04"]
[Round "5"]
[White "Rakhimzhan, Alen"]
[Black "Glavina, Pablo"]
[Result "0-1"]
[WhiteElo "2154"]
[BlackElo "2415"]
[PlyCount "94"]
[EventDate "2023.07.04"]
[EventType "swiss (blitz)"]
[EventRounds "11"]
[EventCountry "USA"]
[SourceTitle "EXT 2024"]
[Source "ChessBase"]
[SourceDate "2023.10.10"]
[SourceVersion "1"]
[SourceVersionDate "2023.10.10"]
[SourceQuality "1"]

1. d4 Nf6 2. c4 e6 3. Nf3 d5 4. Nc3 dxc4 5. e3 a6 6. Bxc4 b5 7. Bd3 Bb7 8. 0-0 c5 9. dxc5 Bxc5 10. Qe2 Nbd7 11. e4 Qb6 12. a4 b4 13. a5 Qc7 14. Na4 Bd6 15. Be3 0-0 16. Rfc1 Qb8 17. Bd4 Ne5 18. Nb6 Nxd3 19. Qxd3 Bxe4 20. Qe2 Bxf3 21. Qxf3 Ra7 22. Bxf6 gxf6 23. Qxf6 Bxh2+ 24. Kh1 Be5 25. Qg5+ Bg7 26. Rc4 Qe5 27. Qxe5 Bxe5 28. Rxb4 Rc7 29. Rd1 Rb8 30. b3 h5 31. f4 Bf6 32. Kg1 Be7 33. Re4 Bc5+ 34. Kf1 Bxb6 35. axb6 Rxb6 36. Rd3 Rc1+ 37. Ke2 Rb1 38. Red4 R1xb3 39. Rd8+ Kg7 40. R3d7 Rb2+ 41. Kf1 Rb1+ 42. Kf2 R6b2+ 43. Kf3 Rf1+ 44. Ke3 Rxg2 45. Ra8 Rg3+ 46. Ke4 Rg4 47. Ke3 Rfxf4 0-1

[Event "Cheliabinsk Panchenko Memorial op-A"]
[Site "Cheliabinsk"]
[Date "2022.09.21"]
[Round "10"]
[White "Rakhimzhan, Alen"]
[Black "Grachev, Alexey1"]
[Result "1/2-1/2"]
[WhiteElo "2118"]
[BlackElo "2349"]
[PlyCount "85"]
[EventDate "2022.09.12"]
[EventType "swiss"]
[EventRounds "10"]
[EventCountry "RUS"]
[SourceTitle "CBM 210 Extra"]
[Source "ChessBase"]
[SourceDate "2022.11.30"]
[SourceVersion "1"]
[SourceVersionDate "2022.11.30"]
[SourceQuality "1"]

1. d4 Nf6 2. c4 e6 3. Nc3 Bb4 4. Qc2 Nc6 5. Nf3 d6 6. a3 Bxc3+ 7. bxc3 e5 8. e4 0-0 9. Bd3 Bg4 10. d5 Ne7 11. Nd2 Bc8 12. Nf1 Nd7 13. Be3 b6 14. h4 Nc5 15. Bxc5 bxc5 16. Ne3 Bd7 17. a4 a5 18. Rb1 Nc8 19. Qd1 Nb6 20. Bc2 g6 21. h5 Qg5 22. g3 Rab8 23. Rh4 Rbe8 24. Rb5 Bxb5 25. cxb5 Nd7 26. Qf3 Nf6 27. h6 Nd7 28. Kf1 Kh8 29. Kg2 Nb6 30. Qd1 Ra8 31. c4 Qe7 32. Qf3 f6 33. Rh1 Rf7 34. Qe2 Kg8 35. Qd2 Kh8 36. Rh3 Qd7 37. f4 exf4 38. gxf4 Qe7 39. Kf3 Nd7 40. Rg3 Qd8 41. Ng4 Qe7 42. Ne3 Qf8 43. Ng4 1/2-1/2

[Event "Cheliabinsk Panchenko Memorial op-A"]
[Site "Cheliabinsk"]
[Date "2022.09.14"]
[Round "3"]
[White "Urazayev, Arystanbek"]
[Black "Rakhimzhan, Alen"]
[Result "1/2-1/2"]
[WhiteElo "2462"]
[BlackElo "2118"]
[PlyCount "70"]
[EventDate "2022.09.12"]
[EventType "swiss"]
[EventRounds "10"]
[EventCountry "RUS"]
[SourceTitle "CBM 210 Extra"]
[Source "ChessBase"]
[SourceDate "2022.11.30"]
[SourceVersion "1"]
[SourceVersionDate "2022.11.30"]
[SourceQuality "1"]

1. d4 d5 2. c4 dxc4 3. Nf3 Nf6 4. e3 e6 5. Bxc4 c5 6. 0-0 a6 7. Be2 Nc6 8. Ne5 cxd4 9. Nxc6 bxc6 10. exd4 Be7 11. Nc3 0-0 12. Na4 a5 13. Bf4 Ba6 14. Bxa6 Rxa6 15. Qd3 Ra8 16. Rac1 Nd5 17. Bg3 Bg5 18. Rc4 Nb6 19. Nxb6 Qxb6 20. Qc3 Rfd8 21. Be5 Rac8 22. h4 Be7 23. h5 f6 24. Bg3 Qb5 25. h6 gxh6 26. Rc1 Kf7 27. Qc2 Qf5 28. Qxf5 exf5 29. Bf4 h5 30. Bd2 Rd5 31. Kf1 h4 32. b3 Bd8 33. Ke2 Bb6 34. Be3 f4 35. Bxf4 Bxd4 1/2-1/2

[Event "Cheliabinsk Variation-A"]
[Site "Cheliabinsk"]
[Date "2022.04.08"]
[Round "7"]
[White "Rakhimzhan, Alen"]
[Black "Palachev, Petr"]
[Result "0-1"]
[WhiteElo "2204"]
[BlackElo "2317"]
[PlyCount "76"]
[EventDate "2022.04.01"]
[EventType "swiss"]
[EventRounds "9"]
[EventCountry "RUS"]
[SourceTitle "CBM 207 Extra"]
[Source "ChessBase"]
[SourceDate "2022.05.31"]
[SourceVersion "1"]
[SourceVersionDate "2022.05.31"]
[SourceQuality "1"]

1. d4 Nf6 2. c4 e6 3. Nc3 Bb4 4. f3 c5 5. d5 d6 6. e4 b5 7. Bd2 Bxc3 8. Bxc3 b4 9. Bd2 exd5 10. cxd5 0-0 11. Bc4 Nfd7 12. Bf4 Nb6 13. b3 f5 14. exf5 Rxf5 15. Ne2 Nxc4 16. bxc4 Qh4+ 17. g3 Qf6 18. Qc1 g5 19. Be3 Ba6 20. h4 Bxc4 21. hxg5 Qe5 22. Nf4 Nd7 23. Kf2 Bxd5 24. Qc2 Raf8 25. Rae1 Qg7 26. Rd1 Nb6 27. Rh6 Rxg5 28. Rxd6 Bxf3 29. Rg1 Bg4 30. Bxc5 Re8 31. Qb3+ Qf7 32. Qxf7+ Kxf7 33. Bxb4 Rb5 34. a3 a5 35. Bxa5 Nc8 36. Bb4 Nxd6 37. Rc1 Ne4+ 38. Kg2 Rc8 0-1

[Event "Cheliabinsk Variation-A"]
[Site "Cheliabinsk"]
[Date "2022.04.04"]
[Round "4"]
[White "Rakhimzhan, Alen"]
[Black "Kamalidenova, Meruert"]
[Result "0-1"]
[WhiteElo "2204"]
[BlackElo "2427"]
[PlyCount "130"]
[EventDate "2022.04.01"]
[EventType "swiss"]
[EventRounds "9"]
[EventCountry "RUS"]
[SourceTitle "CBM 207 Extra"]
[Source "ChessBase"]
[SourceDate "2022.05.31"]
[SourceVersion "1"]
[SourceVersionDate "2022.05.31"]
[SourceQuality "1"]

1. d4 Nf6 2. c4 e6 3. Nc3 Bb4 4. a3 Bxc3+ 5. bxc3 c5 6. e3 Nc6 7. Bd3 b6 8. Ne2 0-0 9. 0-0 Ba6 10. e4 Ne8 11. f4 f5 12. Ng3 g6 13. exf5 exf5 14. Qf3 cxd4 15. Ne2 Nf6 16. c5 Bxd3 17. Qxd3 bxc5 18. cxd4 cxd4 19. Nxd4 Nxd4 20. Qxd4 Qb6 21. Be3 Qxd4 22. Bxd4 Ne4 23. Rfc1 a6 24. Rc7 Rfd8 25. Rb1 Kf7 26. Rbb7 Ke7 27. Kf1 Rac8 28. Ke2 Kd6 29. Be5+ Ke6 30. Ra7 d6 31. Rxc8 Rxc8 32. Bd4 Rc2+ 33. Kf3 Kd5 34. Be3 Rc3 35. a4 Nd2+ 36. Ke2 Nc4 37. Bf2 Rc2+ 38. Ke1 Nb2 39. Kf1 Nxa4 40. Rxa6 Nc3 41. Ra7 Ne4 42. Be1 Nf6 43. h3 Ke6 44. Ra3 Rc6 45. Ra2 d5 46. Bf2 Ne4 47. Bd4 Rc4 48. Ra6+ Kd7 49. Be5 d4 50. Ke2 Rc2+ 51. Kd3 Rd2+ 52. Kc4 d3 53. Ra7+ Kc6 54. Ra6+ Kb7 55. Ra3 Rxg2 56. Rxd3 Kc6 57. Ra3 h5 58. h4 Nd2+ 59. Kd4 Rg4 60. Ra6+ Kb5 61. Re6 Nf3+ 62. Kd5 Rg1 63. Re8 Rd1+ 64. Ke6 Nxh4 65. Rh8 Kc4 0-1

[Event "Almaty Academy IM"]
[Site "Almaty"]
[Date "2022.01.28"]
[Round "9"]
[White "Isanzhulov, Arystan"]
[Black "Rakhimzhan, Alen"]
[Result "1/2-1/2"]
[WhiteElo "2338"]
[BlackElo "2190"]
[PlyCount "45"]
[EventDate "2022.01.21"]
[EventType "tourn"]
[EventRounds "9"]
[EventCountry "KAZ"]
[EventCategory "2"]
[SourceTitle "CBM 206 Extra"]
[Source "ChessBase"]
[SourceDate "2022.03.31"]
[SourceVersion "1"]
[SourceVersionDate "2022.03.31"]
[SourceQuality "1"]

1. e4 e5 2. Nf3 Nc6 3. Bb5 Nf6 4. 0-0 Nxe4 5. Re1 Nd6 6. Nxe5 Be7 7. Bf1 Nf5 8. c3 Nxe5 9. Rxe5 d6 10. Re1 0-0 11. d4 d5 12. Bf4 Bd6 13. Qf3 Nh4 14. Qg3 Bxf4 15. Qxf4 Ng6 16. Qg3 c6 17. Nd2 Qh4 18. Nf3 Qxg3 19. hxg3 Bf5 20. Nh4 Nxh4 21. gxh4 Rfe8 22. f3 h5 23. Kf2 1/2-1/2

[Event "Almaty Academy IM"]
[Site "Almaty"]
[Date "2022.01.25"]
[Round "6"]
[White "Begmuratov, Khumoyun"]
[Black "Rakhimzhan, Alen"]
[Result "1/2-1/2"]
[WhiteElo "2297"]
[BlackElo "2190"]
[PlyCount "31"]
[EventDate "2022.01.21"]
[EventType "tourn"]
[EventRounds "9"]
[EventCountry "KAZ"]
[EventCategory "2"]
[SourceTitle "CBM 206 Extra"]
[Source "ChessBase"]
[SourceDate "2022.03.31"]
[SourceVersion "1"]
[SourceVersionDate "2022.03.31"]
[SourceQuality "1"]

1. e4 e5 2. Nf3 Nc6 3. Bb5 Nf6 4. d3 Bc5 5. c3 d6 6. 0-0 0-0 7. Nbd2 a6 8. Ba4 Ba7 9. h3 Kh8 10. Re1 Ng8 11. Nf1 f5 12. exf5 Bxf5 13. Ng3 Bd7 14. Be3 Bxe3 15. Rxe3 Nf6 16. d4 1/2-1/2

[Event "Almaty Academy IM"]
[Site "Almaty"]
[Date "2022.01.24"]
[Round "5"]
[White "Rakhimzhan, Alen"]
[Black "Khusenkhojaev, Muhammad"]
[Result "0-1"]
[WhiteElo "2190"]
[BlackElo "2417"]
[PlyCount "108"]
[EventDate "2022.01.21"]
[EventType "tourn"]
[EventRounds "9"]
[EventCountry "KAZ"]
[EventCategory "2"]
[SourceTitle "CBM 206 Extra"]
[Source "ChessBase"]
[SourceDate "2022.03.31"]
[SourceVersion "1"]
[SourceVersionDate "2022.03.31"]
[SourceQuality "1"]

1. d4 Nf6 2. c4 e6 3. Nc3 Bb4 4. f3 d5 5. a3 Bxc3+ 6. bxc3 c5 7. cxd5 Nxd5 8. dxc5 Qa5 9. e4 Ne7 10. Be3 Qxc3+ 11. Kf2 0-0 12. Qd4 Qa5 13. Bd2 Nbc6 14. Qc3 Qc7 15. Bb5 e5 16. Ne2 Be6 17. Be3 f5 18. Bc4 Bxc4 19. Qxc4+ Kh8 20. Rhd1 Na5 21. Qb4 fxe4 22. Qxe4 Nb3 23. Ra2 Nxc5 24. Qc4 b6 25. Bxc5 bxc5 26. Qe6 Nf5 27. Rb2 e4 28. Rd7 Qxh2 29. Qxe4 Nh4 30. f4 Ng6 31. Rf7 Qh4+ 32. Kg1 Rfe8 33. Qf3 Rad8 34. Rb1 Re7 35. Rxe7 Nxe7 36. Qe4 h6 37. Qe6 Ng8 38. g3 Qh5 39. Qe5 Qg6 40. Rb8 Rxb8 41. Qxb8 Qd3 42. Kf2 Qxa3 43. f5 Qd3 44. Qc8 Qc2 45. Ke1 Kh7 46. Nf4 Qe4+ 47. Kf2 Nf6 48. Ng6 Ng4+ 49. Kg1 Qe1+ 50. Kg2 Qe2+ 51. Kh3 Nf2+ 52. Kg2 Ne4+ 53. Kh3 Qf1+ 54. Kh4 Qh1+ 0-1

[Event "Almaty Academy IM"]
[Site "Almaty"]
[Date "2022.01.22"]
[Round "2"]
[White "Asylov, Miras"]
[Black "Rakhimzhan, Alen"]
[Result "0-1"]
[WhiteElo "2117"]
[BlackElo "2190"]
[PlyCount "102"]
[EventDate "2022.01.21"]
[EventType "tourn"]
[EventRounds "9"]
[EventCountry "KAZ"]
[EventCategory "2"]
[SourceTitle "CBM 206 Extra"]
[Source "ChessBase"]
[SourceDate "2022.03.31"]
[SourceVersion "1"]
[SourceVersionDate "2022.03.31"]
[SourceQuality "1"]

1. e4 Nf6 2. e5 Nd5 3. d4 d6 4. Nf3 Nb6 5. a4 a5 6. Nc3 g6 7. h4 Bg4 8. h5 dxe5 9. hxg6 fxg6 10. Bd3 Bg7 11. Bh6 Bxh6 12. Rxh6 Nc6 13. d5 Nd4 14. Bxg6+ Kf8 15. Be4 Bxf3 16. gxf3 e6 17. f4 exd5 18. Bg2 Qe7 19. Kf1 Qg7 20. Qh5 Re8 21. Qh4 Nd7 22. Nxd5 Nf5 23. Rf6+ Nxf6 24. Qxf6+ Qxf6 25. Nxf6 Rd8 26. fxe5 Rd2 27. Re1 c6 28. Be4 Nd4 29. Rc1 Ke7 30. Bd3 Rd8 31. Ne4 Nb3 32. Re1 R2xd3 33. cxd3 Rxd3 34. Nc3 Ke6 35. Kg2 Rd2 36. Ne4 Rd7 37. Re3 Rg7+ 38. Kf1 Nd4 39. f4 Kf5 40. Nd6+ Ke6 41. Rd3 c5 42. Kf2 Rg4 43. Ke3 Rg2 44. Rc3 Kd5 45. Nxb7 c4 46. f5 Re2+ 47. Kf4 Rxb2 48. Re3 Rxb7 49. e6 c3 50. e7 Rxe7 51. Rxe7 c2 0-1

[Event "Asian University"]
[Site "Tornelo INT"]
[Date "2021.09.11"]
[Round "6"]
[White "Rakhimzhan, Alen"]
[Black "Ranasinghe, OR Hasini Anuththar"]
[Result "1/2-1/2"]
[WhiteElo "2262"]
[BlackElo "1586"]
[PlyCount "176"]
[EventDate "2021.09.10"]
[EventType "swiss (rapid)"]
[EventRounds "9"]
[EventCountry "NET"]
[SourceTitle "CBM 204 Extra"]
[Source "ChessBase"]
[SourceDate "2021.11.30"]
[SourceVersion "1"]
[SourceVersionDate "2021.11.30"]
[SourceQuality "1"]

1. d4 Nf6 2. c4 e6 3. Nc3 Bb4 4. Qc2 d5 5. cxd5 exd5 6. Bg5 h6 7. Bxf6 Qxf6 8. a3 Bxc3+ 9. Qxc3 c6 10. e3 Bf5 11. Nf3 Nd7 12. Qb4 Rb8 13. Be2 Qe7 14. Qa5 a6 15. 0-0 0-0 16. Qc7 Bg4 17. Qf4 Bxf3 18. Bxf3 f5 19. Rfe1 g5 20. Qc7 Rfc8 21. Qa5 Nf6 22. Be2 Ne4 23. f3 Nd6 24. Bd3 Re8 25. Qd2 Qf6 26. b3 Re7 27. Re2 c5 28. Rae1 cxd4 29. Qb2 Rbe8 30. Qxd4 Qxd4 31. exd4 Rxe2 32. Rxe2 Rxe2 33. Bxe2 a5 34. a4 Kf7 35. Kf2 Ke6 36. g3 Nf7 37. Ke3 Nd6 38. Bd3 Kf6 39. Kd2 f4 40. gxf4 gxf4 41. Kc3 Nf7 42. Bf1 Kg5 43. Bh3 Kf6 44. Bc8 Nd6 45. Bd7 Ke7 46. Bg4 Kf6 47. Kd3 Nf5 48. Bh5 Ne7 49. Be8 Nf5 50. Bb5 Kg5 51. Bd7 Ne3 52. Bc8 b6 53. Ke2 Kh4 54. Be6 Kg5 55. Bg8 Kf6 56. Bh7 Nf5 57. Kd3 Ne3 58. Bg8 Kg5 59. Bf7 Kf6 60. Be8 Kg5 61. Bd7 Kf6 62. Bc8 Nf1 63. Bb7 Ke6 64. Ba8 h5 65. Ke2 Ne3 66. Bb7 Nf5 67. Kd3 Ne3 68. Bc8+ Kf6 69. Bh3 Kg5 70. Ke2 Kf6 71. Bd7 Ke7 72. Bc6 Kf6 73. Be8 Kg5 74. Bd7 Kf6 75. h4 Nf5 76. Bxf5 Kxf5 77. Kd3 Ke6 78. b4 Kd6 79. Kc3 Kc6 80. Kb3 Kd6 81. Ka2 Kc6 82. Kb2 Kd6 83. Kb1 Kc6 84. Ka2 Kd6 85. Ka3 Kc6 86. Kb3 Kd6 87. b5 Ke6 88. Kc3 Kf5 1/2-1/2